000 00841nam a22002657a 4500
005 20230512223924.0
008 220902t xxu||||| |||| 00| 0 eng d
020 _a9780998724706
040 _cCSPC
082 0 _a616.8522
_bB739a
100 _aBrazier, Shayna,
_eauthor.
245 0 0 _aAnxiety makes me anxious /
_cShayna Brazier; illustrated by Jake Bush.
260 _aSuperior, CO :
_bThe Happiness Center,
_c2017.
300 _a91 pages :
_bcolored illustrations ;
_c22 cm.
336 _2rdacontent
_atext
337 _2rdamedia
_aunmediated
338 _2rdacarrier
_avolume
650 1 0 _aAnxiety disorders.
650 1 0 _aAnxiety.
700 1 _aBush, Jake,
_eillustrator.
940 _ajessa
942 _cBOOK
_jCIR 616.8522 B739a 2017
999 _c12476
_d12476